LEADER 04278nam 2200745Ia 450 001 9910450655103321 005 20200520144314.0 010 $a1-136-56925-1 010 $a1-280-47492-0 010 $a9786610474929 010 $a1-84977-083-2 010 $a600-00-0038-3 010 $a1-4175-8300-2 035 $a(CKB)1000000000242770 035 $a(EBL)430052 035 $a(OCoLC)466435179 035 $a(SSID)ssj0000125931 035 $a(PQKBManifestationID)11148151 035 $a(PQKBTitleCode)TC0000125931 035 $a(PQKBWorkID)10029945 035 $a(PQKB)11554772 035 $a(OCoLC)647501925 035 $a(MiAaPQ)EBC430052 035 $a(Au-PeEL)EBL430052 035 $a(CaPaEBR)ebr10128896 035 $a(CaONFJC)MIL47492 035 $a(EXLCZ)991000000000242770 100 $a20040210d2004 uy 0 101 0 $aeng 135 $aur|n|---||||| 181 $ctxt 182 $cc 183 $acr 200 00$aCommunity participation in China$b[electronic resource] $eissues and processes for capacity building /$fedited by Janelle Plummer and John G. Taylor 210 $aLondon ;$aSterling, VA $cEarthscan$dc2004 215 $a1 online resource (384 p.) 300 $aDescription based upon print version of record. 311 $a1-138-97123-5 311 $a1-84407-086-7 320 $aIncludes bibliographical references and index. 327 $aCommunity Participation in China Issues and Processes for Capacity Building; Copyright; Contents; List of Figures, Tables and Boxes; About the Contributors; Foreword; Preface; Editors' Acknowledgements; Acronyms and Abbreviations; 1 Introduction; Part 1Understanding Community Participation in China; 2 The Context for Community Participation in China; 3 The Characteristics of Community Participation in China; 4 Key Factors and Processes Affecting Participation; Part 2The Experience of Community Participation in China: The Case Studies 327 $a5 Enhancing Community Participation: Participatory Forestry Management in China6 Building Capacity within Communities: Participatory Natural Resource Management in SouthwestChina; 7 Building Government Capacity: The Collaborative Hengxian Integrated Approach to Rural Reconstruction; 8 Participatory Resettlement: Key Issues and Processes in Resettlement in Xiaolangdi and Hexi; 9 Participatory Irrigation Management: Promoting Community-based Water User Associations in the Piyuan Canal Rehabilitation Project 327 $a10 Towards Sustainable Village Poverty Reduction: The Development of the County Poverty Alleviation Planning (CPAP) ApproachPart 3Capacity Building for Enhancing Community Participation; 11 Enhancing Local Government Capacity for Community Participation; Annex: Analysing Existing Capacity; References; Index 330 $aThis important volume provides a source of information on the key issues, including constraints and capacity building, necessary to implement participatory approaches in China today. A wealth of case studies are provided by principal Chinese academics and practitioners in forestry, natural resource management, rural development, irrigation and poverty alleviation. At the core, the book is about strengthening local government as a key player in the development of participatory initiatives. It is an invaluable text for development practitioners, donors, researchers and students seeking to unders 606 $aEconomic development projects$zChina$xCitizen participation 606 $aRural development$zChina$xCitizen participation 606 $aCommunity organization$zChina 606 $aCommunity development$zChina 606 $aLocal government$zChina 608 $aElectronic books. 615 0$aEconomic development projects$xCitizen participation. 615 0$aRural development$xCitizen participation. 615 0$aCommunity organization 615 0$aCommunity development 615 0$aLocal government 676 $a307.1/412/0951 701 $aPlummer$b Janelle$0879521 701 $aTaylor$b John G.$f1947-$0986723 801 0$bMiAaPQ 801 1$bMiAaPQ 801 2$bMiAaPQ 906 $aBOOK 912 $a9910450655103321 996 $aCommunity participation in China$92255142 997 $aUNINA LEADER 01164oam 2200373zu 450 001 996213757503316 005 20210807001421.0 035 $a(CKB)2670000000053963 035 $a(SSID)ssj0000558244 035 $a(PQKBManifestationID)12197058 035 $a(PQKBTitleCode)TC0000558244 035 $a(PQKBWorkID)10558816 035 $a(PQKB)10245188 035 $a(NjHacI)992670000000053963 035 $a(EXLCZ)992670000000053963 100 $a20160829d2010 uy 101 0 $aeng 135 $aur||||||||||| 181 $ctxt 182 $cc 183 $acr 200 00$aEOS-32 Electrical Overstress / Electrostatic Discharge Symposium Proceedings 2010 Hardcopy 210 31$a[Place of publication not identified]$cEOS/ESD Association Incorporated$d2010 215 $a1 online resource (551 pages) 300 $aBibliographic Level Mode of Issuance: Monograph 311 $a1-58537-182-3 606 $aElectric discharges$vCongresses 615 0$aElectric discharges 676 $a537.52 801 0$bPQKB 906 $aPROCEEDING 912 $a996213757503316 996 $aEOS-32 Electrical Overstress$92524694 997 $aUNISA LEADER 03865nam 2200745Ia 450 001 9910963163003321 005 20251117082317.0 010 $a1-135-17333-8 010 $a1-135-17334-6 010 $a1-282-50355-3 010 $a9786612503559 010 $a0-203-86094-2 024 7 $a10.4324/9780203860946 035 $a(CKB)2550000000006766 035 $a(EBL)481112 035 $a(OCoLC)575172527 035 $a(SSID)ssj0000344468 035 $a(PQKBManifestationID)11251209 035 $a(PQKBTitleCode)TC0000344468 035 $a(PQKBWorkID)10307159 035 $a(PQKB)10078081 035 $a(SSID)ssj0000444761 035 $a(PQKBManifestationID)12160638 035 $a(PQKBTitleCode)TC0000444761 035 $a(PQKBWorkID)10470457 035 $a(PQKB)10500390 035 $a(MiAaPQ)EBC481112 035 $a(Au-PeEL)EBL481112 035 $a(CaPaEBR)ebr10361669 035 $a(CaONFJC)MIL250355 035 $a(EXLCZ)992550000000006766 100 $a20090611d2010 uy 0 101 0 $aeng 135 $aur|n|---||||| 181 $ctxt 182 $cc 183 $acr 200 00$aWhose public space? $einternational case studies in urban design and development /$fedited by Ali Madanipour 205 $a1st ed. 210 $aLondon ;$aNew York $cRoutledge$d2010 215 $a1 online resource (284 p.) 300 $aDescription based upon print version of record. 311 08$a0-415-55386-5 311 08$a0-415-55385-7 320 $aIncludes bibliographical references. 327 $aBook Cover; Title; Copyright; Contents; Figures; Tables; Contributors; Chapter 1 Introduction; Part I The changing nature of public space in city centres; Chapter 2 Less public than before? Public space improvement in Newcastle city centre; Chapter 3 Youth participation and revanchist regimes: Redeveloping Old Eldon Square, Newcastle upon Tyne; Chapter 4 Can public space improvement revive the city centre? The case of Taichung, Taiwan; Chapter 5 Change in the public spaces of traditional cities: Zaria, Nigeria; Part II Public space and everyday life in urban neighbourhoods 327 $aChapter 6 Marginal public spaces in European citiesChapter 7 Gating the streets: The changing shape of public spaces in South Africa; Chapter 8 Public spaces within modern residential areas in Jeddah, Saudi Arabia; Chapter 9 The design and development of public open spaces in an Iranian new town; Chapter 10 Making public space in low-income neighbourhoods in Mexico; Chapter 11 Co-production of public space in Nord-Pas-de-Calais: Redefinition of social meaning; Chapter 12 Whose public space?; References; Index 330 $aPublic spaces mirror the complexities of urban societies: as historic social bonds have weakened and cities have become collections of individuals public open spaces have also changed from being embedded in the social fabric of the city to being a part of more impersonal and fragmented urban environments. Can making public spaces help overcome this fragmentation, where accessible spaces are created through inclusive processes? This book offers some answers to this question through analysing the process of urban design and development in international case studies, in which the changing char 606 $aPublic spaces$xSocial aspects$vCase studies 606 $aCity planning$vCase studies 606 $aSociology, Urban$vCase studies 606 $aHuman territoriality$vCase studies 615 0$aPublic spaces$xSocial aspects 615 0$aCity planning 615 0$aSociology, Urban 615 0$aHuman territoriality 676 $a711/.55 701 $aMadanipour$b Ali$0144702 801 0$bMiAaPQ 801 1$bMiAaPQ 801 2$bMiAaPQ 906 $aBOOK 912 $a9910963163003321 996 $aWhose public space$94486589 997 $aUNINA